[Event "Champions Showdown (rapid) 2019"]
[Site "Saint Louis USA"]
[Date "2019.02.20"]
[Round "4"]
[White "Nakamura, Hikaru"]
[Black "Duda, Jan-Krzysztof"]
[Result "1/2-1/2"]
[WhiteElo "2749"]
[BlackElo "2731"]
[PlyCount "167"]
[EventDate "2019.02.20"]

1. e4 e5 2. Nc3 Nf6 3. Bc4 Nxe4 4. Qh5 Nd6 5. Bb3 Be7 6. Qxe5 O-O 7. Qf4 Ne8 8.
d4 Nc6 9. a3 Nf6 10. d5 Bd6 11. Qa4 Re8+ 12. Nge2 Ne5 13. Bg5 h6 14. Bxf6 Qxf6
15. O-O Qg6 16. Ng3 c6 17. Rfe1 b5 18. Qe4 Bb7 19. dxc6 Bxc6 20. Bd5 Qxe4 21.
Ngxe4 Bc7 22. b3 a6 23. Rad1 Rad8 24. h3 Ng6 25. g3 Kf8 26. Kg2 Ne7 27. Bxc6
dxc6 28. Nc5 a5 29. N3e4 Rxd1 30. Rxd1 Nd5 31. c4 bxc4 32. bxc4 Nb6 33. Rc1 f5
34. Nd2 Bd6 35. Nd3 Bxa3 36. Ra1 Bb4 37. Nxb4 axb4 38. Ra6 Rb8 39. Nb3 Nxc4 40.
Rxc6 Na3 41. h4 Rb5 42. Rc8+ Kf7 43. Rc7+ Kf6 44. h5 Rd5 45. Rb7 Nc2 46. Kf1
Re5 47. Rc7 Re1+ 48. Kg2 Na1 49. Nc5 b3 50. Rb7 Rb1 51. f4 Rb2+ 52. Kh3 Rb1 53.
Kg2 b2 54. Nd3 Nc2 55. Rxb2 Ne3+ 56. Kf3 Rxb2 57. Nxb2 Ng4 58. Nd3 Ke6 59. Nc5+
Kd6 60. Nb3 Kd5 61. Nd2 Nf6 62. Nf1 Ke6 63. Ne3 Nxh5 64. g4 fxg4+ 65. Kxg4 Nf6+
66. Kf3 Nd5 67. Nc2 Ne7 68. Nd4+ Kd5 69. Ne2 Nf5 70. Nc3+ Kd4 71. Nb5+ Kd3 72.
Nc7 h5 73. Ne8 Kd4 74. Nc7 Kd3 75. Ne8 g6 76. Nf6 Kd4 77. Nd7 Nh4+ 78. Kg3 Nf5+
79. Kf3 Ne7 80. Nf6 Nc6 81. Nxh5 gxh5 82. Kg3 Ke4 83. Kh4 Kxf4 84. Kxh5 1/2-1/2

[Event "Champions Showdown (rapid) 2019"]
[Site "Saint Louis USA"]
[Date "2019.02.20"]
[Round "4"]
[White "So, Wesley"]
[Black "Navara, David"]
[Result "1-0"]
[WhiteElo "2765"]
[BlackElo "2738"]
[PlyCount "127"]
[EventDate "2019.02.20"]

1. e4 e5 2. Nf3 Nc6 3. Bb5 Nf6 4. d3 Bc5 5. O-O Nd4 6. Nxd4 Bxd4 7. c3 Bb6 8.
Ba4 c6 9. Na3 d6 10. Bc2 O-O 11. Bg5 h6 12. Bh4 g5 13. Bg3 Bg4 14. Qd2 Nh5 15.
Nc4 Be6 16. Rad1 Kg7 17. Qe2 Nxg3 18. hxg3 h5 19. d4 Bxc4 20. Qxc4 exd4 21.
cxd4 d5 22. exd5 Qxd5 23. Qd3 Rh8 24. Rfe1 Rae8 25. Rxe8 Rxe8 26. Qh7+ Kf6 27.
Bb3 Qd7 28. Qh6+ Ke7 29. Qxg5+ f6 30. Re1+ Kd8 31. Qxf6+ Kc7 32. Rxe8 Qxe8 33.
Qf7+ Qxf7 34. Bxf7 Bxd4 35. b3 b5 36. Bxh5 Kd6 37. Kf1 c5 38. Bf7 Ke7 39. Bd5
Kd6 40. Bf7 Ke7 41. Bg8 a5 42. f4 c4 43. bxc4 b4 44. c5 a4 45. c6 Kd6 46. Ke2
Kxc6 47. Kd3 Bf2 48. g4 Kd6 49. g5 Ke7 50. Ke4 Kf8 51. Bc4 Kg7 52. Kf3 Be1 53.
Kg4 b3 54. axb3 a3 55. b4 Bxb4 56. Ba2 Bd2 57. f5 Bc1 58. Kh5 Bb2 59. f6+ Kh8
60. Kg4 Bc3 61. Kf5 Bd4 62. Bb1 Bc5 63. g6 Bf8 64. g7+ 1-0

[Event "Champions Showdown (rapid) 2019"]
[Site "Saint Louis USA"]
[Date "2019.02.20"]
[Round "4"]
[White "Dominguez Perez, Leinier"]
[Black "Topalov, Veselin"]
[Result "1/2-1/2"]
[WhiteElo "2739"]
[BlackElo "2740"]
[PlyCount "198"]
[EventDate "2019.02.20"]

1. e4 e5 2. Nf3 Nc6 3. d4 exd4 4. Nxd4 Bc5 5. Nb3 Bb6 6. Nc3 d6 7. Qe2 a5 8. a4
Nb4 9. Bf4 Nf6 10. O-O-O Qe7 11. Qd2 O-O 12. f3 Be6 13. Nd4 d5 14. e5 Bxd4 15.
Qxd4 Nd7 16. Nb5 c5 17. Qf2 d4 18. Qg3 Bf5 19. Rd2 Nd5 20. Nd6 Bg6 21. Nc4 Nxf4
22. Qxf4 f6 23. exf6 Rxf6 24. Qc7 Re6 25. Bd3 Ne5 26. Qxe7 Nxd3+ 27. cxd3 Rxe7
28. Kc2 Bf7 29. b3 Ra6 30. Rdd1 Rg6 31. g3 Bd5 32. Rhe1 Rge6 33. Rxe6 Rxe6 34.
f4 Bxc4 35. bxc4 Rh6 36. Rd2 Rb6 37. Re2 Rb4 38. Re7 h5 39. h3 b6 40. Rb7 Kh7
41. g4 hxg4 42. hxg4 Kg6 43. Rc7 Rxa4 44. Rc6+ Kf7 45. Rxb6 Ra2+ 46. Rb2 Ra3
47. Rb5 a4 48. Rxc5 Ra2+ 49. Kc1 Rg2 50. Rd5 Rxg4 51. Rxd4 g5 52. Rd7+ Ke6 53.
Rg7 Rxf4 54. Rxg5 Rf2 55. Ra5 Ra2 56. d4 a3 57. Re5+ Kd7 58. Re3 Kd6 59. Rc3
Kc6 60. Rc2 Ra1+ 61. Kd2 Rh1 62. Kc3 Rd1 63. Rh2 Kb6 64. Ra2 Rc1+ 65. Kb4 Rd1
66. d5 Rb1+ 67. Kc3 Rc1+ 68. Kd3 Rd1+ 69. Kc2 Rh1 70. Rxa3 Kc5 71. Ra4 Rh3 72.
Kb2 Rg3 73. Ra3 Rg2+ 74. Kb3 Rg3+ 75. Ka4 Rg8 76. Rc3 Rb8 77. Ka3 Rb7 78. Rc2
Rb8 79. Rb2 Rh8 80. Rc2 Rb8 81. Rc1 Rb7 82. Ka4 Rb8 83. Rc2 Rb7 84. Ka3 Rb8 85.
Rb2 Rh8 86. Rb4 Rh3+ 87. Rb3 Rh8 88. Rb4 Rh3+ 89. Ka4 Rh8 90. Ka3 Rh3+ 91. Rb3
Rh8 92. Rc3 Rb8 93. Ka2 Rb7 94. Rc2 Rb8 95. Rb2 Rh8 96. Kb3 Rh3+ 97. Ka4 Kxc4
98. Rd2 Rh8 99. Ka5 Kc5 1/2-1/2

[Event "Champions Showdown (rapid) 2019"]
[Site "Saint Louis USA"]
[Date "2019.02.20"]
[Round "4"]
[White "Shankland, Samuel"]
[Black "Rapport, Richard"]
[Result "1/2-1/2"]
[WhiteElo "2731"]
[BlackElo "2735"]
[PlyCount "156"]
[EventDate "2019.02.20"]

1. e4 d6 2. d4 Nf6 3. Nc3 e5 4. Nf3 Nbd7 5. Bc4 Be7 6. a4 O-O 7. O-O c6 8. a5
h6 9. Re1 Re8 10. d5 b5 11. Bb3 cxd5 12. Nxd5 Bb7 13. a6 Bxd5 14. Bxd5 Nxd5 15.
Qxd5 Rb8 16. Be3 Qc7 17. Nd2 Rec8 18. Rec1 Nf6 19. Qd3 Ng4 20. Nf1 Nxe3 21.
Nxe3 Bg5 22. c3 Bxe3 23. Qxe3 Rb6 24. Qd3 Qc4 25. Rd1 Rcc6 26. g3 Rxa6 27. Rxa6
Rxa6 28. Kg2 Qxd3 29. Rxd3 Kf8 30. Rd5 Rb6 31. f4 exf4 32. gxf4 Ke7 33. Kf3 a6
34. h4 Rc6 35. Rd1 a5 36. h5 Rc5 37. Kg4 Ke6 38. Rd2 a4 39. Rd1 Rc4 40. Re1 b4
41. cxb4 Rxb4 42. Re2 f6 43. Kf3 f5 44. e5 Rb3+ 45. Kg2 dxe5 46. Rxe5+ Kf6 47.
Ra5 Rxb2+ 48. Kg3 Rb3+ 49. Kh4 Rb1 50. Ra6+ Kf7 51. Ra7+ Ke6 52. Rxa4 Rh1+ 53.
Kg3 Rxh5 54. Ra6+ Kd5 55. Ra5+ Kd4 56. Ra4+ Kd3 57. Ra3+ Kc4 58. Ra4+ Kb5 59.
Ra1 g6 60. Rc1 Kb6 61. Ra1 g5 62. fxg5 hxg5 63. Rf1 g4 64. Kf4 Kc5 65. Rd1 Kc4
66. Rd8 Kc3 67. Rd7 Kc2 68. Rd8 Rh7 69. Kxf5 Rg7 70. Kf6 g3 71. Kxg7 g2 72.
Rc8+ Kd2 73. Rd8+ Ke2 74. Re8+ Kf2 75. Rf8+ Kg3 76. Rf6 g1=Q 77. Rg6+ Kf2 78.
Rxg1 Kxg1 1/2-1/2

[Event "Champions Showdown (rapid) 2019"]
[Site "Saint Louis USA"]
[Date "2019.02.21"]
[Round "5"]
[White "Harikrishna, Pentala"]
[Black "Caruana, Fabiano"]
[Result "0-1"]
[WhiteElo "2726"]
[BlackElo "2828"]
[PlyCount "98"]
[EventDate "2019.02.20"]

1. d4 Nf6 2. Bf4 d5 3. e3 c5 4. Nf3 Nc6 5. Nbd2 Qb6 6. dxc5 Qxb2 7. Rb1 Qc3 8.
Bb5 Bd7 9. O-O e6 10. Be2 Na5 11. Ne5 Bxc5 12. Nb3 Bb6 13. Nxd7 Nxd7 14. Nxa5
Qxa5 15. Bb5 Rd8 16. Qg4 O-O 17. Bg5 Ne5 18. Qg3 f6 19. Bxf6 Rxf6 20. Qxe5 Qxa2
21. Bd3 Qa3 22. g3 Qd6 23. Qxd6 Rxd6 24. Kg2 e5 25. Rfd1 e4 26. Be2 d4 27. exd4
Bxd4 28. f3 b6 29. Rb4 exf3+ 30. Bxf3 Bc5 31. Rxd6 Rxd6 32. Re4 a5 33. h4 Kf7
34. g4 Rd2+ 35. Re2 Rd1 36. Bc6 Kf6 37. Kf3 h6 38. Bb5 Rh1 39. h5 Rh3+ 40. Ke4
Rg3 41. Bd7 a4 42. Kd5 a3 43. c4 Re3 44. Rf2+ Kg5 45. Ra2 Rf3 46. Bf5 Rf2 47.
Ra1 a2 48. Ke4 Be7 49. c5 Bf6 0-1

[Event "Champions Showdown (rapid) 2019"]
[Site "Saint Louis USA"]
[Date "2019.02.21"]
[Round "6"]
[White "Caruana, Fabiano"]
[Black "Harikrishna, Pentala"]
[Result "1/2-1/2"]
[WhiteElo "2828"]
[BlackElo "2726"]
[PlyCount "121"]
[EventDate "2019.02.20"]

1. e4 e5 2. Nf3 Nc6 3. Bb5 a6 4. Ba4 d6 5. c3 f5 6. exf5 Bxf5 7. O-O Bd3 8. Re1
Be7 9. Na3 Nf6 10. Re3 b5 11. Rxd3 bxa4 12. Qxa4 Qd7 13. Re3 e4 14. Nd4 Ne5 15.
Qxd7+ Kxd7 16. Nf5 Bf8 17. d4 Nd3 18. Re2 d5 19. Nc2 g6 20. Ng3 h5 21. Ne1 Nxc1
22. Rxc1 Bh6 23. Rd1 Rab8 24. Nf1 a5 25. b3 Rb6 26. g3 Rc6 27. Rc2 h4 28. c4
hxg3 29. hxg3 a4 30. cxd5 Nxd5 31. bxa4 Ra8 32. Rxc6 Kxc6 33. Ng2 Nc3 34. Re1
Rxa4 35. Nh4 Rxa2 36. Nxg6 Kd5 37. Ne7+ Ke6 38. Nc6 Kd6 39. Ne5 Bg7 40. Ne3
Bxe5 41. dxe5+ Kxe5 42. Kg2 Nd5 43. Nxd5 Kxd5 44. g4 c5 45. g5 c4 46. Kg3 c3
47. Rd1+ Rd2 48. Rc1 Kc4 49. g6 Rd6 50. Kf4 Rxg6 51. Kxe4 Re6+ 52. Kf5 Re2 53.
f4 c2 54. Kf6 Kd5 55. f5 Ke4 56. Ke6 Kf4+ 57. Kd5 Kxf5 58. Kd4 Rh2 59. Kc3 Ke4
60. Rxc2 Rxc2+ 61. Kxc2 1/2-1/2

[Event "Champions Showdown (rapid) 2019"]
[Site "Saint Louis USA"]
[Date "2019.02.21"]
[Round "6"]
[White "Nakamura, Hikaru"]
[Black "Duda, Jan-Krzysztof"]
[Result "1/2-1/2"]
[WhiteElo "2749"]
[BlackElo "2731"]
[PlyCount "118"]
[EventDate "2019.02.20"]

1. c4 e6 2. Nf3 d5 3. d4 Nf6 4. Nc3 dxc4 5. e4 Bb4 6. Bxc4 Nxe4 7. O-O Nxc3 8.
bxc3 Bd6 9. Re1 O-O 10. Ne5 Nd7 11. Qg4 Nf6 12. Qg3 Nh5 13. Qh3 g6 14. Bh6 Re8
15. g4 Ng7 16. Re3 f6 17. Nf3 Bd7 18. Rae1 Qe7 19. Nh4 Qf7 20. f4 b5 21. Bb3 c5
22. f5 c4 23. fxg6 hxg6 24. Bc2 f5 25. Nf3 fxg4 26. Qxg4 Nf5 27. Bxf5 Qxf5 28.
Qxf5 gxf5 29. Ne5 Bxe5 30. Rxe5 Kf7 31. Bg5 a5 32. a3 Reb8 33. d5 Ra6 34. Bf4
b4 35. dxe6+ Bxe6 36. Rc5 Rg8+ 37. Kf2 Rg4 38. Rc7+ Kg6 39. Be5 Bd5 40. Rg7+
Kh5 41. Rxg4 Kxg4 42. Rg1+ Kh5 43. cxb4 axb4 44. axb4 Ra3 45. Rg3 Ra2+ 46. Ke3
Rxh2 47. Rg5+ Kxg5 48. Bxh2 Bc6 49. Bd6 Kg4 50. Bc7 Bb5 51. Be5 Ba4 52. Kd4 Bb5
53. Ke3 Ba6 54. Bd6 Kh5 55. Bf4 Bb5 56. Bd6 Kg5 57. Bf4+ Kg4 58. Be5 Bd7 59.
Kd4 Bb5 1/2-1/2

[Event "Champions Showdown (rapid) 2019"]
[Site "Saint Louis USA"]
[Date "2019.02.21"]
[Round "6"]
[White "So, Wesley"]
[Black "Navara, David"]
[Result "1-0"]
[WhiteElo "2765"]
[BlackElo "2738"]
[PlyCount "149"]
[EventDate "2019.02.20"]

1. e4 c6 2. Nf3 d5 3. Nc3 Bg4 4. h3 Bxf3 5. Qxf3 Nf6 6. d3 e6 7. Bd2 Nbd7 8.
O-O-O Qb6 9. g4 h6 10. Qg3 Bb4 11. e5 Bxc3 12. Bxc3 d4 13. Bxd4 Qxd4 14. exf6
Nxf6 15. Bg2 O-O-O 16. c3 Qd6 17. f4 h5 18. g5 h4 19. Qf2 Nh5 20. Rhf1 Ng3 21.
Rfe1 Kb8 22. Re5 f6 23. gxf6 gxf6 24. Ra5 a6 25. Ra4 Rh5 26. Bf3 Rf5 27. Rd4
Qc7 28. Rxd8+ Qxd8 29. Bg4 Rd5 30. Qe3 e5 31. fxe5 Rxe5 32. Qf4 Ka8 33. Bf3 Rf5
34. Qe3 Qd6 35. d4 Qf4 36. Rd3 Qd6 37. c4 Qf4 38. c5 Qxe3+ 39. Rxe3 Rf4 40. d5
Nf5 41. Re8+ Ka7 42. d6 Ng7 43. d7 Nxe8 44. dxe8=Q Rxf3 45. Qe6 f5 46. a3 Rxh3
47. Qxf5 Rh1+ 48. Kc2 Re1 49. Qg4 Re5 50. b4 Re3 51. Kb2 h3 52. Qh5 Rg3 53. Qh4
Rg2+ 54. Kb3 h2 55. Ka4 Ra2 56. Qh8 Rb2 57. Qh7 Ka8 58. Qh6 Ka7 59. Qh8 Rg2 60.
Kb3 Rg3+ 61. Kb2 Rg2+ 62. Kc3 Rg3+ 63. Kd4 Rg2 64. Qh3 Re2 65. Qh8 a5 66. Qh7
axb4 67. axb4 Rd2+ 68. Kc3 Ra2 69. b5 Ra5 70. b6+ Ka6 71. Kb4 Rb5+ 72. Kc4 Rb2
73. Qh8 Rc2+ 74. Kb4 Rb2+ 75. Qxb2 1-0

[Event "Champions Showdown (rapid) 2019"]
[Site "Saint Louis USA"]
[Date "2019.02.21"]
[Round "6"]
[White "Dominguez Perez, Leinier"]
[Black "Topalov, Veselin"]
[Result "1/2-1/2"]
[WhiteElo "2739"]
[BlackElo "2740"]
[PlyCount "82"]
[EventDate "2019.02.20"]

1. e4 c5 2. Nf3 d6 3. d4 cxd4 4. Nxd4 Nf6 5. Nc3 a6 6. Bg5 Nbd7 7. Bc4 Qb6 8.
Bb3 e6 9. Qd2 Be7 10. O-O-O Nc5 11. Rhe1 h6 12. Bh4 O-O 13. g3 Qc7 14. f4 b5
15. e5 dxe5 16. fxe5 Nh7 17. Bxe7 Qxe7 18. Nc6 Qg5 19. Re3 Bb7 20. h4 Qg4 21.
Ne7+ Kh8 22. Qd6 Nxb3+ 23. axb3 Rfe8 24. Ne2 Nf8 25. Nf4 g5 26. hxg5 hxg5 27.
Ne2 Rad8 28. Qxd8 Rxd8 29. Rxd8 Kg7 30. c3 Qh3 31. Nd4 Be4 32. Nc8 Bg6 33. Nd6
Qf1+ 34. Kd2 Qf2+ 35. Ne2 Nh7 36. g4 Qf1 37. Rg3 f6 38. Rd7+ Kg8 39. Rd8+ Kg7
40. Rd7+ Kg8 41. Rd8+ Kg7 1/2-1/2

[Event "Champions Showdown (rapid) 2019"]
[Site "Saint Louis USA"]
[Date "2019.02.21"]
[Round "7"]
[White "Harikrishna, Pentala"]
[Black "Caruana, Fabiano"]
[Result "0-1"]
[WhiteElo "2726"]
[BlackElo "2828"]
[PlyCount "44"]
[EventDate "2019.02.20"]

1. c4 e5 2. d3 Nf6 3. Nf3 Nc6 4. g3 d5 5. cxd5 Nxd5 6. Bg2 Be7 7. O-O Be6 8.
Nc3 O-O 9. Bd2 a5 10. Nxd5 Bxd5 11. Bc3 Qd6 12. Qa4 Rfe8 13. Rfd1 Bf8 14. e4
Be6 15. d4 exd4 16. Nxd4 Nxd4 17. Bxd4 Qb4 18. Qc2 c6 19. a3 Qb5 20. a4 Qb3 21.
Qe2 Rad8 22. Qe3 c5 0-1

[Event "Champions Showdown (rapid) 2019"]
[Site "Saint Louis USA"]
[Date "2019.02.21"]
[Round "7"]
[White "Duda, Jan-Krzysztof"]
[Black "Nakamura, Hikaru"]
[Result "0-1"]
[WhiteElo "2731"]
[BlackElo "2749"]
[PlyCount "70"]
[EventDate "2019.02.20"]

1. e4 e5 2. Nf3 Nc6 3. Bc4 Bc5 4. c3 Nf6 5. d3 d6 6. O-O O-O 7. Bg5 h6 8. Bh4
a6 9. a4 g5 10. Bg3 Ba7 11. Nbd2 Kg7 12. Re1 Nh7 13. h3 h5 14. b4 h4 15. Bh2 g4
16. hxg4 Nf6 17. g5 Ng4 18. Re2 f6 19. b5 Ne7 20. gxf6+ Rxf6 21. d4 Ng6 22. Nf1
Nxh2 23. Kxh2 h3 24. dxe5 Rf8 25. Ng3 hxg2 26. Nf5+ Bxf5 27. exf5 Rxf5 28. Kxg2
Rxf3 29. Kxf3 Qh4 30. Bf7 Nxe5+ 31. Rxe5 Qxf2+ 32. Kg4 dxe5 33. Bh5 Rf8 34.
Qd7+ Kh6 35. Kh3 Qe3+ 0-1

[Event "Champions Showdown (rapid) 2019"]
[Site "Saint Louis USA"]
[Date "2019.02.21"]
[Round "7"]
[White "Navara, David"]
[Black "So, Wesley"]
[Result "0-1"]
[WhiteElo "2738"]
[BlackElo "2765"]
[PlyCount "72"]
[EventDate "2019.02.20"]

1. d4 Nf6 2. c4 e6 3. Nf3 d5 4. Nc3 Be7 5. Bg5 h6 6. Bh4 O-O 7. e3 Ne4 8. Bxe7
Qxe7 9. Rc1 c6 10. Qc2 Nd7 11. Bd3 Nxc3 12. Qxc3 dxc4 13. Bxc4 b6 14. O-O Bb7
15. Be2 a5 16. Nd2 c5 17. Bf3 cxd4 18. Qxd4 Nc5 19. Bxb7 Rad8 20. Qc3 Qxb7 21.
Nb3 Nxb3 22. Qxb3 Rd2 23. Rc5 a4 24. Qb5 Rfd8 25. Rc4 R8d5 26. Qe8+ Kh7 27.
Rxa4 Rd1 28. Rc4 Rxf1+ 29. Kxf1 Rd1+ 30. Ke2 Qd5 31. Qc6 Qd2+ 32. Kf3 Rf1 33.
Qe4+ f5 34. Qh4 g5 35. Rd4 g4+ 36. Kf4 Rxf2+ 0-1

[Event "Champions Showdown (rapid) 2019"]
[Site "Saint Louis USA"]
[Date "2019.02.21"]
[Round "7"]
[White "Topalov, Veselin"]
[Black "Dominguez Perez, Leinier"]
[Result "1/2-1/2"]
[WhiteElo "2740"]
[BlackElo "2739"]
[PlyCount "107"]
[EventDate "2019.02.20"]

1. e4 e5 2. Nf3 Nf6 3. Nxe5 d6 4. Nf3 Nxe4 5. Qe2 Qe7 6. d3 Nf6 7. Nc3 Qxe2+ 8.
Bxe2 g6 9. h3 Bg7 10. Nd4 Bd7 11. Bf3 Nc6 12. Be3 Ne5 13. Bxb7 Rb8 14. Bd5 c5
15. Nb3 Nxd5 16. Nxd5 Bc6 17. Nf4 a5 18. O-O-O a4 19. Na5 Rb5 20. Nxc6 Nxc6 21.
c3 a3 22. Rd2 Kd7 23. Nd5 axb2+ 24. Rxb2 Rxb2 25. Kxb2 Ke6 26. Nf4+ Kd7 27. Ra1
Rb8+ 28. Kc2 Nb4+ 29. Kd2 Nc6 30. Rc1 Ra8 31. Rc2 Ne5 32. d4 Nc4+ 33. Kd3 Ra4
34. Bc1 Nb6 35. dxc5 dxc5 36. c4 Kc6 37. g3 Ra8 38. h4 Rd8+ 39. Ke2 Re8+ 40.
Kf3 Ra8 41. Nd3 Bd4 42. Be3 Bxe3 43. fxe3 Kd6 44. Nf2 f5 45. e4 Ra4 46. exf5
gxf5 47. Nd3 Nxc4 48. Kf2 Kd5 49. Nf4+ Kc6 50. Nd3 Kd5 51. Nf4+ Kd6 52. Nd3 Ra3
53. Ke2 Ra4 54. Kf2 1/2-1/2

[Event "Champions Showdown (rapid) 2019"]
[Site "Saint Louis USA"]
[Date "2019.02.21"]
[Round "7"]
[White "Rapport, Richard"]
[Black "Shankland, Samuel"]
[Result "1/2-1/2"]
[WhiteElo "2735"]
[BlackElo "2731"]
[PlyCount "178"]
[EventDate "2019.02.20"]

1. d4 Nf6 2. Nf3 e6 3. Bf4 d5 4. e3 c5 5. Be2 Bd6 6. dxc5 Bxc5 7. O-O O-O 8. c4
Nc6 9. Nc3 a6 10. Rc1 d4 11. exd4 Nxd4 12. Be5 Nc6 13. Qxd8 Rxd8 14. Bc7 Rd7
15. Bg3 Nh5 16. Na4 Nxg3 17. hxg3 Ba7 18. c5 Kf8 19. Rc4 Rd8 20. Rh4 h6 21. Rc1
e5 22. Bc4 Bf5 23. Re1 e4 24. Rf4 g6 25. Nh4 Bb8 26. Rxf5 gxf5 27. Nxf5 Be5 28.
Rxe4 Rd1+ 29. Kh2 Re8 30. Rg4 h5 31. Re4 Nd4 32. Ne3 Re1 33. Nc3 Nc6 34. Rh4
Bxc3 35. bxc3 Re5 36. Rf4 Nd8 37. c6 bxc6 38. Bxa6 Ne6 39. Rh4 Rc1 40. Be2 Rxc3
41. Bxh5 Ra5 42. a4 Rd3 43. Bf3 Rd4 44. Bxc6 Rxh4+ 45. gxh4 Nd4 46. Bd7 Ra7 47.
Bb5 Nxb5 48. axb5 Rb7 49. g4 Rxb5 50. Kg3 f6 51. Nf5 Rb4 52. f3 Kf7 53. h5 Ra4
54. Nd6+ Kg7 55. Ne4 Rb4 56. Kf4 Rb5 57. Nd6 Ra5 58. Kg3 Ra4 59. f4 Ra3+ 60.
Kg2 Rb3 61. Nf5+ Kh7 62. Kf2 Ra3 63. Ne3 Ra4 64. Kf3 Kg7 65. Nf5+ Kh7 66. Nd6
Kg7 67. Ke3 Rb4 68. Nf5+ Kh7 69. Nd4 Kh6 70. Nf5+ Kh7 71. Nd6 Kg7 72. Ne8+ Kf7
73. Nc7 Kg7 74. Nd5 Ra4 75. Kf3 Rd4 76. Ne3 Ra4 77. Nf5+ Kh7 78. g5 fxg5 79.
fxg5 Ra6 80. Ke4 Rb6 81. Ke5 Ra6 82. Nd6 Rb6 83. Ke6 Ra6 84. Ke7 Ra7+ 85. Kf8
Ra5 86. g6+ Kh6 87. g7 Ra8+ 88. Ne8 Rxe8+ 89. Kxe8 Kxg7 1/2-1/2

[Event "Champions Showdown (rapid) 2019"]
[Site "Saint Louis USA"]
[Date "2019.02.21"]
[Round "8"]
[White "Caruana, Fabiano"]
[Black "Harikrishna, Pentala"]
[Result "1-0"]
[WhiteElo "2828"]
[BlackElo "2726"]
[PlyCount "97"]
[EventDate "2019.02.20"]

1. e4 e5 2. Nf3 Nc6 3. Bb5 a6 4. Ba4 Nf6 5. O-O Be7 6. Re1 b5 7. Bb3 d6 8. c3
O-O 9. h3 Nb8 10. d4 Nbd7 11. Nbd2 Bb7 12. Bc2 c5 13. d5 c4 14. b3 cxb3 15.
axb3 Qc7 16. Bb2 a5 17. Bd3 b4 18. Nc4 Nc5 19. cxb4 axb4 20. Bc2 Rxa1 21. Bxa1
Ba6 22. Nfxe5 dxe5 23. d6 Bxd6 24. Qxd6 Qxd6 25. Nxd6 Nfd7 26. Rd1 g6 27. Bb2
Rb8 28. Bc1 Kf8 29. Be3 Rb6 30. f4 Rc6 31. fxe5 Nxe5 32. Rd5 Ncd7 33. Bd1 Bd3
34. Bd2 f6 35. Kh2 Kg7 36. Bxb4 Rc1 37. Bg4 Nb6 38. Rd4 h5 39. Be6 Rc2 40. Kg1
Rc1+ 41. Kf2 Rc2+ 42. Kg1 Rc1+ 43. Kh2 Rc2 44. Ne8+ Kh6 45. Rd8 h4 46. Bg4 Nc6
47. Bf8+ Kg5 48. Rxd3 Ne5 49. Rd6 1-0

[Event "Champions Showdown (rapid) 2019"]
[Site "Saint Louis USA"]
[Date "2019.02.21"]
[Round "8"]
[White "Nakamura, Hikaru"]
[Black "Duda, Jan-Krzysztof"]
[Result "1/2-1/2"]
[WhiteElo "2749"]
[BlackElo "2731"]
[PlyCount "120"]
[EventDate "2019.02.20"]

1. c4 e6 2. Nc3 d5 3. d4 Bb4 4. cxd5 exd5 5. Bf4 Nf6 6. e3 O-O 7. Bd3 c5 8.
Nge2 Bg4 9. O-O cxd4 10. exd4 Nc6 11. f3 Bh5 12. a3 Be7 13. Rc1 Bg6 14. Bxg6
hxg6 15. Na4 Rc8 16. b4 Nh5 17. Be3 Bg5 18. f4 Bh4 19. f5 Ne7 20. fxg6 Nxg6 21.
Rxc8 Qxc8 22. Qd3 Re8 23. Nac3 Qe6 24. Bd2 Bd8 25. Qf5 Nf6 26. Bg5 Qxf5 27.
Rxf5 Ne7 28. Rf2 Ne4 29. Bxe7 Bxe7 30. Rf5 Nxc3 31. Nxc3 Bf6 32. Nxd5 Bxd4+ 33.
Kf1 f6 34. Rf3 Rd8 35. Ne3 Kf7 36. Ke2 b5 37. h4 Bb2 38. Nd1 Bd4 39. Rd3 Ke6
40. Nc3 a6 41. a4 bxa4 42. Nxa4 Kd5 43. Nb6+ Kc6 44. Nc4 Kb5 45. Ne3 Kxb4 46.
Nf5 Kc4 47. Ra3 g6 48. Nxd4 Rxd4 49. Rxa6 Kd5 50. Rxf6 Ke5 51. Rxg6 Rxh4 52.
Kf3 Rf4+ 53. Kg3 Ra4 54. Rg4 Ra8 55. Rf4 Rg8+ 56. Rg4 Ra8 57. Rf4 Rg8+ 58. Kf3
Rxg2 59. Re4+ Kd5 60. Kxg2 Kxe4 1/2-1/2

[Event "Champions Showdown (rapid) 2019"]
[Site "Saint Louis USA"]
[Date "2019.02.21"]
[Round "8"]
[White "So, Wesley"]
[Black "Navara, David"]
[Result "1-0"]
[WhiteElo "2765"]
[BlackElo "2738"]
[PlyCount "74"]
[EventDate "2019.02.20"]

1. Nf3 Nf6 2. c4 e6 3. g3 d5 4. Bg2 Be7 5. O-O O-O 6. d4 dxc4 7. Qc2 a6 8. a4
Bd7 9. Qxc4 Bc6 10. Bf4 Bd6 11. Qc1 Bxf4 12. Qxf4 Bxf3 13. Bxf3 c6 14. a5 Nbd7
15. Nc3 Qe7 16. Rfd1 e5 17. Qe3 Rae8 18. d5 e4 19. d6 Qe6 20. Bg2 Nd5 21. Qxe4
Nxc3 22. Qxe6 Nxe2+ 23. Qxe2 Rxe2 24. Bh3 Rd8 25. Re1 Rxe1+ 26. Rxe1 g5 27. Re7
Nf6 28. Rxb7 Rxd6 29. Bf1 Rd1 30. Kg2 Ra1 31. b4 c5 32. Bxa6 cxb4 33. Bc4 Ne4
34. Bxf7+ Kf8 35. Bd5 Nc3 36. Bc4 Rxa5 37. Rxh7 Ne4 1-0

[Event "Champions Showdown (rapid) 2019"]
[Site "Saint Louis USA"]
[Date "2019.02.21"]
[Round "8"]
[White "Dominguez Perez, Leinier"]
[Black "Topalov, Veselin"]
[Result "1-0"]
[WhiteElo "2739"]
[BlackElo "2740"]
[PlyCount "75"]
[EventDate "2019.02.20"]

1. e4 e6 2. d4 d5 3. Nc3 Bb4 4. e5 c5 5. a3 Ba5 6. b4 cxd4 7. Qg4 Kf8 8. Nb5
Bb6 9. Nf3 Nc6 10. Bb2 a5 11. Nbxd4 axb4 12. Nxc6 bxc6 13. axb4 Rxa1+ 14. Bxa1
c5 15. bxc5 Bxc5 16. Bd3 Qa5+ 17. Ke2 Nh6 18. Qf4 Ba6 19. Rb1 Rg8 20. Bd4 Bxd4
21. Qxd4 Bxd3+ 22. cxd3 g5 23. g4 Kg7 24. Kf1 Rc8 25. Qe3 Qd8 26. h3 Ng8 27.
Nxg5 h6 28. Nf3 Ne7 29. h4 Ra8 30. h5 Ra4 31. d4 Nc6 32. Qf4 Qe7 33. Kg2 Rc4
34. Rb2 Rc3 35. Ra2 Rc4 36. Ra8 f6 37. exf6+ Qxf6 38. Rg8+ 1-0

[Event "Champions Showdown (rapid) 2019"]
[Site "Saint Louis USA"]
[Date "2019.02.21"]
[Round "8"]
[White "Shankland, Samuel"]
[Black "Rapport, Richard"]
[Result "0-1"]
[WhiteElo "2731"]
[BlackElo "2735"]
[PlyCount "58"]
[EventDate "2019.02.20"]

1. e4 Nf6 2. e5 Nd5 3. d4 d6 4. exd6 exd6 5. c4 Nf6 6. Nf3 Be7 7. Nc3 O-O 8. d5
Bg4 9. Be2 Nfd7 10. O-O Na6 11. a3 Re8 12. Be3 Bf6 13. Rc1 Nac5 14. b4 Ne4 15.
Nxe4 Rxe4 16. h3 Bxf3 17. Bxf3 Re8 18. Qd2 a5 19. Be2 axb4 20. axb4 b6 21. Rfe1
Ra3 22. Bf1 h6 23. g3 Ne5 24. Kg2 Qd7 25. f4 Ng6 26. Bd3 Rea8 27. Rc2 Rb3 28.
Bxg6 fxg6 29. Ra2 Rxa2 0-1

[Event "Israeli League 2019"]
[Site "Israel ISR"]
[Date "2019.02.15"]
[Round "5"]
[White "Naiditsch, Arkadij"]
[Black "Steinberg, Nitzan"]
[Result "1-0"]
[WhiteElo "2734"]
[BlackElo "2530"]
[PlyCount "81"]
[EventDate "2019.01.04"]
[WhiteTeam "Beer Sheva Alef in name of Eliyahu Levant"]
[BlackTeam "haPoel Petah Tiqwa Alef"]

1. e4 c5 2. Nf3 d6 3. d4 cxd4 4. Nxd4 Nf6 5. Nc3 a6 6. h3 e6 7. g4 Nfd7 8. h4
b5 9. Bg2 Bb7 10. Bg5 Qc7 11. Qe2 Ne5 12. O-O-O Nbc6 13. Nxc6 Bxc6 14. a3 Bb7
15. Kb1 Rc8 16. Bc1 Qc4 17. g5 Qxe2 18. Nxe2 Be7 19. h5 O-O 20. Nd4 Rfd8 21. f4
Nc6 22. Nb3 Bf8 23. Be3 Ba8 24. Rd2 e5 25. f5 Rb8 26. h6 g6 27. f6 Rdc8 28.
Rhd1 Rc7 29. Nc1 a5 30. Ne2 b4 31. axb4 axb4 32. b3 Nd8 33. Kb2 Ne6 34. Ra1 Bc6
35. Ng3 Bb5 36. Bf1 Rc3 37. Bd3 Nc7 38. Ne2 Rc6 39. Ra5 Bxd3 40. Rxd3 Rc8 41.
c4 1-0

[Event "Israeli League 2019"]
[Site "Israel ISR"]
[Date "2019.02.22"]
[Round "7"]
[White "Naiditsch, Arkadij"]
[Black "Raznikov, Danny"]
[Result "0-1"]
[WhiteElo "2734"]
[BlackElo "2499"]
[PlyCount "72"]
[EventDate "2019.01.04"]
[WhiteTeam "Beer Sheva Alef in name of Eliyahu Levant"]
[BlackTeam "Feldklain Rishon leTsion"]

1. e4 e5 2. Nf3 Nc6 3. Bb5 Nf6 4. d3 Bc5 5. Bxc6 dxc6 6. O-O Nd7 7. c3 O-O 8.
d4 Bd6 9. Bg5 f6 10. Bh4 Qe8 11. Nbd2 Nb6 12. Bg3 Kh8 13. h3 exd4 14. Bxd6 cxd6
15. cxd4 Qg6 16. Qb3 Re8 17. Rfe1 Be6 18. Qa3 d5 19. e5 Bxh3 20. Nh4 Qh6 21.
exf6 Be6 22. fxg7+ Qxg7 23. Ndf3 Nc4 24. Qc3 Nd6 25. Ne5 Qf6 26. g3 Rg8 27. Ng2
Raf8 28. Qe3 Ne4 29. Re2 Rg5 30. Rae1 c5 31. Qf4 Qh6 32. Rxe4 Rxf4 33. Rxf4
cxd4 34. Rh4 Qf6 35. Nf4 Bf7 36. Rh6 Qxf4 0-1